000 00286nam a22001337a 4500
008 170609b xxu||||| |||| 00| 0 eng d
020 _a0520071840
041 _aeng
080 _a32
100 _a19
101 _aSHP
245 _aFEMINISM AND POLITICS
_cGELB.J
942 _2udc
_cBK
999 _c16743
_d16743